| 000 | 01013nam a22002537a 4500 | ||
|---|---|---|---|
| 003 | DO-SdBNP | ||
| 005 | 20210602111637.0 | ||
| 008 | 201119b 2004 dr 00| 0 eng d | ||
| 020 | _a9993477699 | ||
| 040 |
_aDO-SdBNP _bspa _cBNPHU |
||
| 100 | 1 |
_aSoto, Delta _977325 |
|
| 245 | 1 | 0 |
_aVivencias de una revolucionaria / _cDelta Bohemia Soto ; presentación de Carmen Duran. |
| 260 |
_aSanto Domingo, República Dominicana : _bEditora Universitaria -- UASD, _c2004. |
||
| 300 |
_a125 p. : _bil. ; _c21 cm. |
||
| 490 | 1 |
_aPublicaciones de la Universidad Autónoma de Santo Domingo, Universidad Autónoma; _v1188 |
|
| 490 | 1 |
_aLiteratura y sociedad; _v50 |
|
| 500 | _aIncluye datos biográficos de la autora en la contracubierta. | ||
| 500 | _a466 aniversario UASD | ||
| 590 | _aInventariado, 2020 /LP | ||
| 830 | 0 |
_aPublicaciones de la Universidad Autónoma de Santo Domingo, Universidad Autónoma; no. 1188 _977326 |
|
| 830 | 0 |
_aLiteratura y sociedad, no. 50 _977327 |
|
| 910 | _aL/P | ||
| 942 |
_2ddc _cLBS1 |
||
| 999 |
_c49159 _d49159 |
||